Central Library OPAC University of Rajshahi

Popular stories / (Record no. 82611)

MARC details
000 -LEADER
fixed length control field 00686nam a2200253 a 4500
001 - CONTROL NUMBER
control field 82611
003 - CONTROL NUMBER IDENTIFIER
rucl marc code BD-RjUL
005 - DATE AND TIME OF LATEST TRANSACTION
control field 20240115114109.0
008 - FIXED-LENGTH DATA ELEMENTS--GENERAL INFORMATION
fixed length control field 240115s2015 enk||||| |||| 00| 0 eng d
035 ## - SYSTEM CONTROL NUMBER
System control number (BD-RjUL)82611
040 ## - CATALOGING SOURCE
Original cataloging agency BD-RjUL
Language of cataloging eng
Transcribing agency BD-RjUL
041 ## - LANGUAGE CODE
Language code of text/sound track or separate title eng
082 ## - DEWEY DECIMAL CLASSIFICATION NUMBER
Edition number 23
Classification number 398.2
Author mark and year JAP 1915
100 ## - MAIN ENTRY--PERSONAL NAME
Personal name Grimm, Jacob
9 (RLIN) 10830
245 ## - TITLE STATEMENT
Title Popular stories /
Remainder of title Jacob Grimm, George Cruikshank
250 ## - EDITION STATEMENT
Edition statement Oxford ed.
260 ## - PUBLICATION, DISTRIBUTION, ETC. (IMPRINT)
Place of publication, distribution, etc. London :
Name of publisher, distributor, etc. Oxford University Pr.,
Date of publication, distribution, etc. 1915
300 ## - PHYSICAL DESCRIPTION
Pagination XVII, 403 p.:
Illustrations ill.;
Size 19 cm.
650 ## - SUBJECT ADDED ENTRY--TOPICAL TERM
Topical term or geographic name as entry element Fairy tales
9 (RLIN) 10831
Topical term or geographic name as entry element Folklore
Topical term or geographic name as entry element Tales
9 (RLIN) 4921
700 ## - ADDED ENTRY--PERSONAL NAME
Personal name Cruikshank, George
942 ## - ADDED ENTRY ELEMENTS (KOHA)
Source of classification or shelving scheme Dewey Decimal Classification
Koha item type Books
Holdings
Lost status Source of classification or shelving scheme Damaged status Not for loan Collection code Permanent Location Current Location Shelving location Date acquired Total Checkouts Full call number Date last seen Copy number Koha item type
  Dewey Decimal Classification   Not For Loan Fiction Central Library, University of Rajshahi Central Library, University of Rajshahi Reading Room 15/01/2024   398.2 JAP 1915 15/01/2024 C-1 Books